zpět

Detail výsledku týmu

Na Hřišti Doloplazy, Doloplazy

Datum a čas kvízu

29.5 Celkem bodů Celkový počet nahraných bodů na tomto kvízu bez doplňovacích otázek.
4. Pořadí na kvízu Konečné umístění týmu na tomto kvízu.

Zaznamenané odpovědi

# Otázka Odpověď Body Výsledky
1. Premiér Petr Fiala má nově pro... TikTok 0
2. Minulý týden se konal mítink D... Barack Obama, Eminem 1
3. Český film režiséra Petra Slav... Tancuj Matyldo 1
4. Na numismatické aukci v Praze... Vladislav (II.) Jagellonský 0
5. V pondělí se v Praze uskutečni... Josef Dostál 0
6. Vzhledem ke končící bohaté hou... prsten; třeň 1
7. Uveďte rodové jméno tohoto ptá... brhlík 0
8. Při nocování v lese jste už mo... liška 0
9. V průběhu léta zástupci jeleno... lýčí 0
10. Na jaře se řada lidí vydává do... konvalinka; ocún 1